| 000 | 01053nam a22002657a 4500 | ||
|---|---|---|---|
| 005 | 20151006113502.0 | ||
| 008 | 151006b2000 pn |||||r|||| 10| 0 spa d | ||
| 020 | _a1891276131 | ||
| 040 |
_aCO-BoIAVH _cCO-BoIAVH |
||
| 041 | 0 | _aeng | |
| 044 | _apn | ||
| 082 | 0 | 4 |
_a564.6707 _bS66p |
| 111 | 2 |
_aInternational Bryozoology Association Conference _cRepública de Panamá _dEnero 26 a 31 de 1998 _n11 |
|
| 245 | 1 |
_aProceedings of the 11th International Bryozoology Association Conference / _cEditado por A. Herrera Cubilla y J.B.C. Jackson. |
|
| 260 |
_aEstados Unidos: _bSmithsonian Tropical Research Institute, _c2000. |
||
| 300 |
_a448 páginas : _bilustraciones y gráficas ; _c25 cm. |
||
| 500 | _aIncluye índice taxonómico. | ||
| 504 | _aIncluye referencias bibliográficas. | ||
| 650 | 6 |
_aBryozoa _vCongresos |
|
| 650 | 6 |
_aOrganismos de agua dulce _vCongresos |
|
| 650 | 6 |
_aEspecies Marinas _vCongresos _xFauna |
|
| 700 | 1 | _aHerrera Cubilla, A. | |
| 700 | 1 | _aJackson, J. B. C. | |
| 942 |
_2ddc _cLIBRO |
||
| 999 |
_c17837 _d17837 |
||